| 000 | 00693nam a2200229 a 4500 | ||
|---|---|---|---|
| 999 |
_c3013 _d3013 |
||
| 001 | 3013 | ||
| 003 | BD-JhCC | ||
| 005 | 20171109113635.0 | ||
| 008 | 171109s2014 bg ||||| |||| 00| 0 ben d | ||
| 020 | _a9789849076445 | ||
| 035 | _a(BD-JhCC)3013 | ||
| 040 |
_aBD-JhCC _dBD-JhCC |
||
| 041 | _aben | ||
| 082 |
_a920.00 _bMOM 2014 |
||
| 100 | _aমোমেন, আবুল | ||
| 245 |
_aঈশ্বরচন্দ্র বিদ্যাসাগর / _cআবুল মোমেন |
||
| 260 |
_aঢাকা : _bপ্রথমা প্রকাশনী, _c2014. |
||
| 300 |
_a63 p. : _c19 cm. |
||
| 650 |
_aIshwarchandra Vidyasagar _xBiography |
||
| 942 |
_2ddc _cBK |
||